000 00631nam a2200181Ia 4500
008 100920s9999 xx 000 0 und d
082 _b71849
_a--- थ 98
100 _aगुजर अनिल.
245 _aआसवे पापण्यात गोठली.
260 _bस्वप्न प्रकाशन, पुणे.
_c1998
300 _a183
_bसाधी
365 _b115
520 _aकादंबरी.
630 _aआसवे पापण्यात गोठली.
650 _aकादंबरी.
730 _aआसवे पापण्यात गोठली.
942 _cBOOK
999 _c713697
_d713694